000 00657nam a2200241Ia 4500
003 OSt
005 20220927110346.0
006 a|||||r|||| 00| 0
007 ta
008 220926b |||||||| |||| 00| 0 eng d
024 _a55233
037 _cReports
040 _aRTL
_cRTL
_beng
041 _2eng
_aeng
082 _a"X:9.2.N6, K2"
111 _aSeminar on Labour Economics (1962 : Mussoorie India)
_9376608
245 0 _aPapers
260 _aLucknow
_bLucknow University India
_c1962
300 _a167p.
_ccm.
650 _aLabour Economics-India
942 _h"X:9.2.N6, K2"
_cCC
999 _c695780
_d695780